LEADER 01483nam 2200421 450 001 000016612 005 20050718115600.0 010 $a0-486-66289-6 100 $a20030916d1990----km-y0itay0103----ba 101 0 $aeng 102 $aUS 200 1 $aFunctional analysis$fFrigyes Riesz and Béla Sz.-Nagy$gtranslated from the 2. French edition by Leo F. Boron 210 $aNew York$cDover$d1990 215 $aXII, 504 p.$d21 cm. 225 2 $aDover books on advanced mathematics 300 $aTit. orig.: Leçons d'analyse fonctionelle 410 0$12001$aDover books on advanced mathematics 606 $aAnalisi funzionale 676 $a515.7$v(21. ed.)$9Analisi funzionale 691 $a46-XX$9Functional analysis 700 1$aRiesz,$bFrigyes$0442116 701 1$aSzokefalvi-Nagy,$bBéla$0757159 702 1$aBoron,$bLeo F. 801 0$aIT$bUniversità della Basilicata - B.I.A.$gRICA$2unimarc 912 $a000016612 996 $aFunctional analysis$91527177 997 $aUNIBAS BAS $aMONSCI BAS $aSCIENZE CAT $aEXT003$b01$c20030916$lBAS01$h1849 CAT $aEXT003$b01$c20030916$lBAS01$h1851 CAT $c20050601$lBAS01$h1755 CAT $abatch$b01$c20050718$lBAS01$h1053 CAT $c20050718$lBAS01$h1112 CAT $c20050718$lBAS01$h1142 CAT $c20050718$lBAS01$h1156 FMT Z30 -1$lBAS01$LBAS01$mBOOK$1BASA5$ADipartimento Matematica$2GEN$BCollezione generale$3MAT$63326$5M3326$820030916$f51$FRiservati